Flags for Initial Letters - C - Statistics

General Stats
  • This quiz has been taken 24 times
  • The average score is 15 of 17
Answer Stats
Picture Hint Answer % Correct
Canada
100%
China
100%
Cambodia
95%
Cameroon
95%
Chad
91%
Chile
91%
Republic of the Congo
91%
Cuba
91%
Cyprus
91%
Colombia
86%
DR Congo
86%
Croatia
86%
Czech Republic
86%
Comoros
82%
Costa Rica
82%
Central African Republic
73%
Cape Verde
68%
No matching quizzes found
Score Distribution
Percent of People with Each Score
Percentile by Number Answered
Your Score History
You have not taken this quiz